| 000 | 00566nam a2200145Ia 4500 | ||
|---|---|---|---|
| 008 | 100122s9999 xx 000 0 und d | ||
| 082 |
_b64863 _a301.418 |
||
| 100 | _aभोसले राजन | ||
| 245 | _aअथातो कामजिज्ञासा (क. क्र. 14/4 ) | ||
| 260 |
_bमनोविकास प्रकाशन _c2004 |
||
| 300 | _a253 | ||
| 630 | _aअथातो कामजिज्ञासा (क. क्र. 14/4 ) | ||
| 730 | _aअथातो कामजिज्ञासा (क. क्र. 14/4 ) | ||
| 942 | _cBOOK | ||
| 999 |
_c438213 _d438210 |
||